00221nam a2200097Ia 4500008004100000100002800041245002100069260001100090942000700101999001500108120527s9999 xx 000 0 und d aNew International publ. bThe world guide. bHudson cBK c9254d9254